Thinking About War and Peace: Past, Present, and Future /

محفوظ في:

مؤلفون آخرون: Kalic, Sean N. (المحرر), Foley, Aoife Padraigín (المحرر)

التنسيق: كتاب الكتروني

اللغة: English

منشور في: Leiden; Boston : BRILL, 2011.

سلاسل: Inter-Disciplinary Press Philosophy & Religion Special E-Book Collection, 2009-2016, ISBN: 9789004401013.

الموضوعات:

الوصول للمادة أونلاين: Login to view Source

الوسوم: إضافة وسم

لا توجد وسوم, كن أول من يضع وسما على هذه التسجيلة!

رقم الطلب: B105.W3

LEADER 01756nam a2200445 i 4500
001 BRILL9781848880849
003 nllekb
005 20210602101824.0
006 m d
007 cr un uuuua
008 191130s2011 ne sb 001 0 eng d
020 |a 9781848880849  |q (electronic book) 
020 |z 9789004403062  |q (print) 
024 7 |a 10.1163/9781848880849  |2 DOI 
035 |z (OCoLC)191890626 
040 |a NL-LeKB  |c NL-LeKB  |e rda 
050 4 |a B105.W3 
072 7 |a JFC  |2 bicssc 
072 7 |a SOC  |x 026000  |2 bisacsh 
072 7 |a SOC  |x 022000  |2 bisacsh 
082 0 4 |a 355.0201  |2 23 
245 0 0 |a Thinking About War and Peace: Past, Present, and Future /  |c Edited by Sean N. Kalic; Aoife Padraigín Foley. 
264 1 |a Leiden;   |a Boston :  |b BRILL,  |c 2011. 
300 |a 1 online resource 
336 |a text  |b txt  |2 rdacontent 
337 |a computer  |b c  |2 rdamedia 
338 |a online resource  |2 rdacarrier 
490 1 |a Inter-Disciplinary Press Philosophy & Religion Special E-Book Collection, 2009-2016, ISBN: 9789004401013 
588 |a Description based on print version record. 
650 0 |a War  |x Causes. 
650 0 |a War (Philosophy). 
650 0 |a War  |x Moral and ethical aspects. 
700 1 |a Kalic, Sean N.,  |e editor. 
700 1 |a Foley, Aoife Padraigín,  |e editor. 
776 0 8 |i Print version:  |t Thinking About War and Peace: Past, Present, and Future,   |d Leiden Boston : BRILL, 2011  |w 9789004403062 
830 0 |a Inter-Disciplinary Press Philosophy & Religion Special E-Book Collection, 2009-2016, ISBN: 9789004401013. 
856 4 |z DOI:   |u http://dx.doi.org/10.1163/9781848880849 
942 |c EBOOK 
952 |0 0  |1 0  |4 0  |7 1  |9 14700  |a BRILL  |b BRILL  |d 2021-06-02  |l 0  |r 2021-06-02 00:00:00  |w 2021-06-02  |y EBOOK 
999 |c 36149  |d 36149